| 000 | 00961nam a2200289Ia 4500 | ||
|---|---|---|---|
| 003 | OSt | ||
| 005 | 20250219151544.0 | ||
| 008 | 210210b2005 xxu||||| |||| 00| 0 eng d | ||
| 040 | _cAL | ||
| 041 | _aKannada | ||
| 082 | _a613.7046K NAGA | ||
| 100 |
_aNAGARAJA RAV (M K) Ed _dನಾಗರಾಜ ರಾವ್ (ಎಂ ಕೆ) _9201365 |
||
| 245 |
_aYoga darshana sampada: belli habbada nenapina grantha 1980-2005 _bಯೋಗ ದರ್ಶನ ಸಂಪದ: ಬೆಳ್ಳಿ ಹಬ್ಬದ ನೆನಪಿನ ಗ್ರಂಥ 1980-2005 |
||
| 260 |
_aTumakUru _bShri Patanjali Yoga Shikshana Samiti _c2005 |
||
| 300 | _ax,238 | ||
| 650 |
_aYOga _9201366 |
||
| 650 |
_asampada: _9201367 |
||
| 650 |
_anenapina _9201368 |
||
| 650 |
_ahabbada _9201369 |
||
| 650 |
_agrantha _9201370 |
||
| 650 |
_adarshana _9201371 |
||
| 650 |
_abeLLi _9201372 |
||
| 650 |
_a1980-2005 _9201373 |
||
| 690 |
_aPhysical Fitness _9201374 |
||
| 906 | _a065506 | ||
| 942 |
_2ddc _cBK |
||
| 999 |
_c143016 _d143016 |
||